00237nam a2200097Ia 4500008004100000100001600041245004100057260002400098300000900122650000800131191201s2010 xx 000 0 und d aCHARY, S.N. 0aProduction and Operations Management aN. DelhibTMHc2010 amisc aBBA